A history of ancient philosophy /

Bibliographic Details
Main Author: Reale, Giovanni
Other Authors: Catan, John R.
Format: Book
Language:English
Published: Albany : State University of New York Press, [1987-]
Series:SUNY series in philosophy.
Subjects:

MARC

Tag First Indicator Second Indicator Subfields
LEADER 00000cam a2200000 a 4500
001 in00000013877
005 20151007052443.0
008 860807m19879999nyu b s00110 eng
010 |a  86014559  
020 |a 088706292X (v. 1) 
020 |a 0887062903 (pbk. : v. 1) 
035 |a (OCoLC)14128188 
035 |9 AAA7849AM 
040 |a DLC  |c DLC  |d TXA  |d UtOrBLW 
043 |a e-fr--- 
049 |a TXAM  |v 1 [A12634341] 
050 0 0 |a B171  |b .R4213 1987 
082 0 |a 180  |2 19 
100 1 |a Reale, Giovanni. 
240 1 0 |a Storia della filosofia antica.  |l English 
245 1 2 |a A history of ancient philosophy /  |c Giovanni Reale ; edited and translated from the fourth Italian edition [by] John R. Catan. 
264 1 |a Albany :  |b State University of New York Press,  |c [1987-] 
264 4 |c ©1987- 
300 |a volumes ;  |c 24 cm. 
336 |a text  |b txt  |2 rdacontent 
337 |a unmediated  |b n  |2 rdamedia 
338 |a volume  |b nc  |2 rdacarrier 
490 1 |a SUNY series in philosophy 
504 |a Bibliography: volume 1, pages [383]-386. 
500 |a Includes indexes. 
505 1 |a From the origins to Socrates. 
650 0 |a Philosophy, Ancient. 
700 1 |a Catan, John R. 
830 0 |a SUNY series in philosophy. 
999 |a MARS 
999 f f |s b717eef5-24f7-3951-82e0-e522235e0360  |i 8b0d5706-68c0-393b-9f2b-3d7cebec0442  |t 0 
952 f f |p normal  |a Texas A&M University  |b College Station  |c Sterling C. Evans Library  |d Evans: Library Stacks  |t 0  |e B171 .R4213 1987  |h Library of Congress classification  |i unmediated -- volume  |k v.1  |m A14812634341 
998 f f |a B171 .R4213 1987  |s v.1  |t 0  |l Evans: Library Stacks